| 000 | 00881nac a22002651i 4500 | ||
|---|---|---|---|
| 003 | EG-ScBUE | ||
| 005 | 20250306090438.0 | ||
| 008 | 101011t1993 pauab f d 000 0 eng d | ||
| 020 | _a083064153X | ||
| 020 | _a9780830641536 | ||
| 040 |
_aEG-ScBUE _beng _erda _cEG-ScBUE _dEG-ScBUE |
||
| 082 | 0 | 4 |
_a503 _bGIB _222 |
| 100 | 1 |
_aGibilisco, Stan, _eauthor. _920278 |
|
| 245 | 1 | 4 |
_aThe concise illustrated dictionary of science and technology / _cStan Gibilisco. |
| 264 | 1 |
_aBlue Ridge Summit, PA : _bTAB Books, _c[1993] |
|
| 264 | 4 | _cc1993 | |
| 300 |
_a520 pages : _billustrations, maps ; _c24 cm |
||
| 336 |
_2rdacontent _atext _btxt |
||
| 337 |
_aunmediated _2rdamedia _bn |
||
| 338 |
_avolume _bnc _2rdacarrier |
||
| 650 | 7 |
_aScience _xDictionaries. _2BUEsh _920279 |
|
| 650 | 7 |
_aTechnology _xDictionaries. _920280 _2BUEsh |
|
| 655 | _vReading book | ||
| 942 |
_cREFERENCE _2ddc |
||
| 999 |
_c9349 _d9349 |
||